| 000 | 00545nam a2200193 i 4500 | ||
|---|---|---|---|
| 001 | 150774 | ||
| 003 | ES-MaACL | ||
| 005 | 20230906203706.0 | ||
| 007 | t| | ||
| 008 | 071112s1909 fr ||||1| fre d | ||
| 100 | 1 |
_aAubry, Pierre. _923830 |
|
| 245 | 1 | 0 |
_aTruvères et troubadours / _cpar Pierre Aubry. |
| 260 |
_aParis : _bFélix Alcan, _c[1909?] |
||
| 300 |
_a2 h., 221 p., 1 h. ; _c20 cm. |
||
| 490 | 1 | _aLas maitres de la musique | |
| 830 | 0 |
_aLas maitres de la musique _9221166 |
|
| 852 |
_aES-MaACL _jG-8948 |
||
| 999 |
_c150774 _d150774 |
||